banner koha

Influencia da umidade no melao (Cucumis melo, L.)EM SOLO ALUVIAO [Crescimento] (Registro n. 310738)

MARC details
000 -LÍDER
campo de controle de tamanho fixo 01142naa a22003257a 4500
001 - NÚMERO DE CONTROLE
campo de controle BR7902681
003 - IDENTIFICADOR DO NÚMERO DE CONTROLE
campo de controle BR-BrBNA
005 - DATA E HORÁRIO DA ÚLTIMA TRANSAÇÃO
campo de controle 20240918174348.0
007 - CAMPO FIXO DE DESCRIÇÃO FÍSICA--INFORMAÇÃO GERAL
campo de controle de tamanho fixo ta
008 - CAMPO DE DADOS FIXOS--INFORMAÇÃO GERAL
campo de controle de tamanho fixo 230509b bl.||||| |||| 00| 0 por d
040 ## - FONTE DA CATALOGAÇÃO
Instituição da catalogação original BR-BrBNA
Idioma da catalogação por
Instituição que transcreveu o registro Biblioteca Nacional de Agricultura
041 ## - CÓDIGO DE IDIOMA
Código do idioma do texto/trilha sonora ou título diferente (Pt)
072 ## - CÓDIGO DE CATEGORIA DE ASSUNTO
Código de Categoria de Assunto F60
Código do objeto 0810
090 ## - NÚMERO DE CHAMADA LOCAL
Número de chamada F60 BR7902681
100 1# - ENTRADA PRINCIPAL--NOME PESSOAL
Nome pessoal Araujo, J.P. de
100 1# - ENTRADA PRINCIPAL--NOME PESSOAL
Nome pessoal Moraes, R.J. de S.
100 1# - ENTRADA PRINCIPAL--NOME PESSOAL
Nome pessoal Moreira, J.O.T.
111 1# - ENTRADA PRINCIPAL--NOME DO EVENTO
Nome do evento ou lugar 2. Encontro Agronomico do Medio Sao Francisco
Local do evento Juazeiro, BA (Brazil)
Data do evento ou assinatura do tratado 12 Oct 1976
245 1# - TÍTULO
Título Influencia da umidade no melao (Cucumis melo, L.)EM SOLO ALUVIAO [Crescimento]
260 3# - PUBLICAÇÃO, DISTRIBUIÇÃO, ETC.
Local de publicação, distribuição, etc. Juazeiro, BA (Brasil):
Data da publicação, distribuição, etc. 1978.
500 ## - NOTA GERAL
Nota geral Anais do 2. Encontro Agronomico do Medio Sao Francisco<br/>Juazeiro, BA (Brasil): 1978. p. 33-37<br/>(BR7902681-AM)F60<br/>
650 ## - ASSUNTO--TERMO TÓPICO
Cabeçalho tópico ou nome geográfico Fisiologia vegetal
650 ## - ASSUNTO--TERMO TÓPICO
Cabeçalho tópico ou nome geográfico Melao
650 ## - ASSUNTO--TERMO TÓPICO
Cabeçalho tópico ou nome geográfico Crescimento
650 ## - ASSUNTO--TERMO TÓPICO
Cabeçalho tópico ou nome geográfico Absorcao
650 ## - ASSUNTO--TERMO TÓPICO
Cabeçalho tópico ou nome geográfico Umidade do solo
773 0# - ENTRADA ANALÍTICA
Título Anais do 2. Encontro Agronomico do Medio Sao Francisco
Número de controle do registro F60 BR7902681
Partes relacionadas Juazeiro, BA (Brasil), 1978. p. 33-37
909 ## -
-- 202404
-- Lucia
-- 55
-- Lucia Elande
942 ## - ELEMENTOS DE ENTRADA ADICIONADOS (KOHA)
Tipo de material Koha Capítulo-Livro
Fonte da classificação ou esquema de arquivamento na estante Classificação AGRIS
Exemplares
Situação do descarte Fonte da classificação ou esquema de arquivamento na estante Situação física Não pode ser emprestado Coleção Biblioteca de origem Biblioteca atual Localização na estante Total de empréstimos Número de telefone completo Data de último acesso Número do exemplar Tipo de material Koha Situação das perdas Data de aquisição Fonte de aquisição
  Classificação AGRIS       Biblioteca Nacional de Agricultura - Binagri Biblioteca Nacional de Agricultura - Binagri Agrobase - Acervo Geral   F00 BR7902679 20/05/2024 01 Capítulo-Livro   2024-04-11 Portaria Interministerial nº 164/94

BINAGRI

Telefone: (61)3218-2567/2388/3357/2097 - binagri@agro.gov.br

Ministério da Agricultura e Pecuária , Esplanada dos Ministérios, Bloco D, Anexo B, Brasília/DF, CEP: 70.043-900